01588 2200337 4500001002100000005001500021035002000036008004100056020001900097041000800116082001100124084001700135100003300152245009100185260003700276300004200313520057300355650003400928990002500962990002300987990002401010990002301034990002501057990002401082990002401106990002501130990002301155990002301178990002501201990002401226INLIS00000000000631120220603095211 a0010-0520006311220603 g 0 eng  a9 78186 830269 aeng a341.03 a341.03/KRI/L0 aEdited By Herbert M. Kritzer1 aLegal Systems Of The World : A Political, Sosial And Cultural Ensyclopedia Vol I 06018 aNew Delhi :bHarvard Coop,c2005 aX, 455 hlm. ; Illus. ; 30 cm ;c30 cm aLegal System of the World: A Political, Social and Cultural Encyclopedia-From Afghanistan to Zimbabwe, this exhaustive four volume set explores the structure, operation and history of legal and judicial systems in every country on earth, every state in the union and every province in Canada. Behind this powerhouse of a set is an international team of over 350 legal scholars, contributing nearly 400 A-Z entries in everyday language. Readers and legal scholars alike will come to understand these systems, their key elements, their core concepts and their practices. 4a1. Teori Hukum - Encyclopedia a00078/MKRI-P/IV-2007 a23725/MKRI-P/I2015 a23724/MKRI-P/I-2015 a23725/MKRI-P/I2015 a00078/MKRI-P/IV-2007 a23724/MKRI-P/I-2015 a23724/MKRI-P/I-2015 a00078/MKRI-P/IV-2007 a23725/MKRI-P/I2015 a23725/MKRI-P/I2015 a00078/MKRI-P/IV-2007 a23724/MKRI-P/I-2015